| 000 | 00771nam a2200253 a 4500 | ||
|---|---|---|---|
| 001 | 157971 | ||
| 003 | OSt | ||
| 005 | 20251216150321.0 | ||
| 008 | 170215 ### HIN | ||
| 020 | _a9788126554232 | ||
| 082 |
_a510.2462 _bK88A |
||
| 100 | _aKreyszig, Erwin | ||
| 245 |
_aAdvanced engineering mathematics _cBy Erwin Kreyszig; in collaboration with Herbert Kreyszig and Edward J. Norminton |
||
| 250 | _a10th ed. | ||
| 260 |
_aNew Delhi _bWiley _c2019, 2022 |
||
| 300 |
_a1001p. _bPaperback |
||
| 500 | _aIncludes Appendices, Index at the end after textual pages | ||
| 546 | _aEnglish | ||
| 650 | _2Engineering mathematics | ||
| 650 | _2Mathematical physics | ||
| 700 | _aKreyszig, Herbert | ||
| 700 | _aNorminton, Edward J. | ||
| 942 |
_2ddc _cBK |
||
| 999 |
_c20253 _d20253 |
||